000
00296nam a22001337a 4500
008
170918b xxu||||| |||| 00| 0 eng d
020
_a
9781609012786
041
_a
eng
080
_2
3RD
_a
7
100
_a
44
101
_a
ART
245
_a
THE MEANINGS OF DRESS
_c
SIPLLMAN,K.A
942
_2
udc
_c
BK
999
_c
28015
_d
28015